Hall v Simons (Record no. 64452)

MARC details
000 -LEADER
fixed length control field 00601cam a2200181 4500
001 - CONTROL NUMBER
control field X107904
008 - FIXED-LENGTH DATA ELEMENTS--GENERAL INFORMATION
fixed length control field 000000n2000 000 0 eng u
035 ## - SYSTEM CONTROL NUMBER
System control number (Sirsi) u107904
245 ## - TITLE STATEMENT
Title Hall v Simons
260 ## - PUBLICATION, DISTRIBUTION, ETC.
Date of publication, distribution, etc. 2000
490 ## - SERIES STATEMENT
Series statement New Property Cases
Volume/sequential designation [2000] NPC 87 (22/07/00)
520 ## - SUMMARY, ETC.
Summary, etc. HL 20 July 2000. Immunity of advocates from claims for negligence in the conduct of civil litigation no longer exists. HEADNOTE FROM JOURNAL - NOT TO BE PHOTOCOPIED.
650 ## - SUBJECT ADDED ENTRY--TOPICAL TERM
Topical term or geographic name entry element ARTHUR J S HALL AND CO V SIMONS
650 ## - SUBJECT ADDED ENTRY--TOPICAL TERM
Topical term or geographic name entry element NEGLIGENCE
650 ## - SUBJECT ADDED ENTRY--TOPICAL TERM
Topical term or geographic name entry element IMMUNITY
690 ## - LOCAL SUBJECT ADDED ENTRY--TOPICAL TERM (OCLC, RLIN)
Topical term or geographic name as entry element LAW-CASE LAW
942 ## - ADDED ENTRY ELEMENTS (KOHA)
Suppress in OPAC 0
Holdings
Withdrawn status Lost status Source of classification or shelving scheme Damaged status Not for loan Home library Current library Shelving location Date acquired Total Checkouts Full call number Barcode Date last seen Copy number Price effective from Koha item type
    Dewey Decimal Classification     London London Journal article 21/08/2000   X107904 107904-1001 06/08/2019 1 06/08/2019 Law report